000 00601nam a2200193Ia 4500
005 20250508160110.0
008 008 250505s9999 xx 000 0 eng d
037 _aTextual
040 _aFEDL
_beng
_cFEDL
041 _aeng
_2eng
084 _a371.425, SUP
_qFEDL
100 _aSuper Donald E
245 0 _aPsychology of careers : An introduction to vocational development
260 _aNew York, USA
_bHarper and Brothers Publisher
_c1957
300 _ax,362p
650 _aEducation - Vocational Guidance
_9767936
942 _cTEXL
_h371.425, SUP
999 _c1361700
_d1361700